Normal view MARC view
  • Davies, Kenneth

Entry Personal Name

Number of records used in: 1

001 - CONTROL NUMBER

  • control field: 105369

003 - CONTROL NUMBER IDENTIFIER

  • control field: NUST

005 - DATE AND TIME OF LATEST TRANSACTION

  • control field: 20221220131719.0

008 - FIXED-LENGTH DATA ELEMENTS

  • fixed length control field: 221220|| aca||aabn | a|a d

040 ## - CATALOGING SOURCE

  • Original cataloging agency: NUST
  • Transcribing agency: NUST

100 ## - HEADING--PERSONAL NAME

  • Personal name: Davies, Kenneth

670 ## - SOURCE DATA FOUND

  • Source citation: Work cat.: (NUST)183232: Davies, Kenneth., Ionospheric radio propagation /, 1966
© 2023 Central Library, National University of Sciences and Technology. All Rights Reserved.